Architect in practice (Record no. 29722)

MARC details
000 -LEADER
fixed length control field 00285nam a2200121Ia 4500
082 ## - DEWEY DECIMAL CLASSIFICATION NUMBER
Classification number 072
Item number WIL
100 ## - MAIN ENTRY--AUTHOR NAME
Personal name Willis, A J
245 #0 - TITLE STATEMENT
Title Architect in practice
250 ## - EDITION STATEMENT
Edition statement Ed.5
260 ## - PUBLICATION, DISTRIBUTION, ETC. (IMPRINT)
Place of publication London
Name of publisher Crosby Lockwood
Year of publication 1974
942 ## - ADDED ENTRY ELEMENTS (KOHA)
Koha item type Books
Holdings
Withdrawn status Lost status Damaged status Not for loan Home library Current library Date acquired Cost, normal purchase price Full call number Accession Number Koha item type
        RRII Library RRII Library 16/12/2021 5.95 072 WIL 10304 Books